00243nam a2200097Ia 4500008004100000041000800041100001000049245005800059650000900117999001900126230605s9999 xx 000 0 und d aeng aPizam aInter national encyclopedia of hospitality management aHos. c417183d417183